|
|
|
|
| LEADER |
00000nam a2200000 a 4500 |
| 001 |
UCH9272 |
| 003 |
CL-VaPUC |
| 005 |
20201106001157.0 |
| 008 |
091231e20080000CL |||||||||||||||||spa|d |
| 999 |
|
|
|c 339287
|d 339285
|
| 020 |
|
|
|a 956282232X
|
| 040 |
|
|
|c Pontificia Universidad Católica de Valparaíso
|
| 082 |
0 |
4 |
|a 983.004 BEN 2008
|2 21
|
| 100 |
|
|
|a Bengoa Cabello, José
|e author
|9 603139
|
| 245 |
1 |
0 |
|a Historia del pueblo mapuche:
|b siglo XIX y XX
|
| 250 |
|
|
|a Séptima edición
|
| 260 |
|
|
|a Santiago, Chile
|b Lom
|c 2008
|
| 300 |
|
|
|a 421 páginas
|
| 490 |
0 |
|
|a Historia
|
| 583 |
|
|
|a last modification
|c 20190705 09:24:29
|k Rodrigo Vera
|
| 600 |
0 |
7 |
|2 CL-VaPUC
|9 354621
|
| 650 |
|
7 |
|a MAPUCHE
|2 CL-VaPUC
|9 546234
|x HISTORIA DE CHILE
|y SIGLOS 19-20
|
| 650 |
|
7 |
|a GUERRA DE ARAUCO
|z CHILE
|9 856533
|
| 650 |
|
0 |
|a Araucanos
|z CHILE
|9 314060
|
| 852 |
|
|
|a BIBCUR
|
| 942 |
|
|
|c BK
|2 ddc
|
| 945 |
|
|
|d 20091231 00:00:00
|a rbrito
|
| 952 |
|
|
|0 0
|1 0
|2 ddc
|4 0
|6 983_004000000000000_BEN_2008
|7 0
|8 A
|9 432843
|a BIBHIS
|b BIBHIS
|d 2019-11-22
|i 4629396
|l 6
|m 2
|o 983.004 BEN 2008
|p 4629396
|r 2025-04-14
|s 2025-04-08
|t 1
|w 2019-11-22
|y BK
|k HIS
|